000 00650nam a2200193Ia 4500
001 15050
003 GE_BSU
008 181216s||||||||xx |||||||||||||| ||und||
040 _cGE_BSU
080 _a517.982.4
100 _aВладимиров.В.С. Дрожжинов,Ю.Н. Завьялов,Б.И.
245 _aМногомерные тауберовы теоремы для обобщенных функции
260 _aМосква
260 _bНаука
260 _c1986
300 _a304стр.22см.
653 _aМногомерные тауберовы теоремы для обобщенных функции
942 _cBK
999 _c48168
_d48168